=LDR 00000nam 2200000 4500 =001 INLIS000000000002058 =005 20130612090428 =008 ***********************************Ind** =035 ##$$0010-061300000002058 =041 ##$$a Ind =082 ##$$a 959.801 =090 ##$$a 959.801, Mul p =100 ##$$a MULYANA, Slamet =245 ##$$a Pemugaran persada sejarah leluhur majapahit, Slamet Mulyana =260 ##$$a 1983 $b Jakarta =300 ##$$a 368 hlm, ilus, 21 cm =650 ##$$a Indonesia =650 ##$$a Sejarah majapahit =850 ##$$a NBPNMAT